000 00677nam a2200217Ia 4500
003 GCL
008 140319s9999 xx 000 0 ara d
040 _aGCL /
_cGCL
082 0 4 _a372.8
_bز ت
100 1 _aزينب رضوان
245 1 0 _aالتعليم الدينى فى مصر 1981-1952 /
_cزينب رضوان
260 _a[S.N] :
_bالهيئة المصرية العامة للكتاب ،
_c1992
300 _a78 ص
490 _aالمكتبة الثقافية
_v0
650 0 4 _aمصر
650 0 4 _aالتعليم
650 0 4 _aالتعليم الدينى
650 0 4 _aالاجتماع
650 0 4 _aالمدرسة الابتدائية
942 _2ddc
_cBK
999 _c28494
_d28494